[Event "65+ World Senior Team Championship"]
[Site "chess24.com"]
[Date "2017.05.01"]
[Round "8"]
[White "Zhelnin, Vladimir V"]
[Black "Wademark, Helge"]
[Result "1-0"]
[Board "3"]
[WhiteElo "2455"]
[WhiteTitle "IM"]
[WhiteCountry "RUS"]
[WhiteFideId "4105567"]
[WhiteEloChange "1"]
[BlackElo "2037"]
[BlackCountry "SWE"]
[BlackFideId "1701606"]
[BlackEloChange "-2"]

1. e4 {[%clk 1:30:56]} e6 {[%clk 1:30:55]} 2. d4 {[%clk 1:31:16]} d5 {[%clk
1:31:08]} 3. Nc3 {[%clk 1:31:39]} Nf6 {[%clk 1:31:34]} 4. Bg5 {[%clk 1:31:50]}
Bb4 {[%clk 1:31:49]} 5. Ne2 {[%clk 1:31:55]} h6 {[%clk 1:28:39]} 6. Bxf6 {[%clk
1:32:00]} Qxf6 {[%clk 1:29:07]} 7. a3 {[%clk 1:31:47]} Bxc3+ {[%clk 1:28:16]} 8.
Nxc3 {[%clk 1:32:05]} dxe4 {[%clk 1:23:40]} 9. Nxe4 {[%clk 1:31:46]} Qe7 {[%clk
1:19:55]} 10. Bd3 {[%clk 1:27:49]} b6 {[%clk 1:18:55]} 11. Qf3 {[%clk 1:20:21]}
c6 {[%clk 1:16:35]} 12. O-O {[%clk 1:16:34]} Bb7 {[%clk 1:15:14]} 13. Rfe1 {[%clk
1:16:30]} O-O {[%clk 1:12:00]} 14. Ng3 {[%clk 1:12:12]} Nd7 {[%clk 1:07:09]} 15.
Qf4 {[%clk 0:59:10]} Rac8 {[%clk 1:01:30]} 16. c4 {[%clk 0:37:56]} Rfd8 {[%clk
0:57:35]} 17. Rad1 {[%clk 0:38:13]} Qf6 {[%clk 0:57:30]} 18. Qe4 {[%clk 0:38:07]}
Nf8 {[%clk 0:57:50]} 19. Bc2 {[%clk 0:37:12]} Rd7 {[%clk 0:54:10]} 20. Qe5 {[%clk
0:33:00]} Qxe5 {[%clk 0:51:05]} 21. dxe5 {[%clk 0:33:21]} Rcd8 {[%clk 0:44:48]}
22. Rxd7 {[%clk 0:28:31]} Rxd7 {[%clk 0:44:09]} 23. Ne4 {[%clk 0:28:44]} Rd4
{[%clk 0:41:21]} 24. b3 {[%clk 0:23:14]} Bc8 {[%clk 0:36:50]} 25. f4 {[%clk
0:22:10]} c5 {[%clk 0:34:35]} 26. Rd1 {[%clk 0:14:28]} Rxd1+ {[%clk 0:33:05]} 27.
Bxd1 {[%clk 0:14:58]} Ng6 {[%clk 0:33:20]} 28. g3 {[%clk 0:15:10]} Ne7 {[%clk
0:33:34]} 29. Kf2 {[%clk 0:14:06]} Nc6 {[%clk 0:30:35]} 30. Ke3 {[%clk 0:12:42]}
Kf8 {[%clk 0:30:47]} 31. Kd3 {[%clk 0:12:20]} Ke7 {[%clk 0:29:15]} 32. Nd6 {[%clk
0:08:26]} Bd7 {[%clk 0:29:22]} 33. Nb5 {[%clk 0:08:15]} a6 {[%clk 0:27:09]} 34.
Nd6 {[%clk 0:05:39]} Nd4 {[%clk 0:17:11]} 35. b4 {[%clk 0:04:37]} f6 {[%clk
0:07:24]} 36. bxc5 {[%clk 0:04:15]} bxc5 {[%clk 0:07:14]} 37. exf6+ {[%clk
0:04:07]} gxf6 {[%clk 0:06:47]} 38. Ne4 {[%clk 0:03:42]} Bc8 {[%clk 0:06:16]} 39.
Nxc5 {[%clk 0:03:59]} Nf5 {[%clk 0:06:20]} 40. Bf3 {[%clk 0:32:29]} Kd6 {[%clk
0:35:48]} 41. Ne4+ {[%clk 0:31:58]} Ke7 {[%clk 0:36:16]} 42. Nd2 {[%clk 0:28:51]}
Nd6 {[%clk 0:34:35]} 43. Kd4 {[%clk 0:26:17]} Kd7 {[%clk 0:31:36]} 44. Kc5 {[%clk
0:22:37]} Kc7 {[%clk 0:26:48]} 45. Ne4 {[%clk 0:22:39]} Ne8 {[%clk 0:27:15]} 46.
Nf2 {[%clk 0:17:17]} f5 {[%clk 0:26:30]} 47. Nd3 {[%clk 0:16:47]} Nf6 {[%clk
0:24:28]} 48. Kd4 {[%clk 0:16:03]} h5 {[%clk 0:22:18]} 49. Ne5 {[%clk 0:11:26]}
Kb6 {[%clk 0:20:39]} 50. c5+ {[%clk 0:10:13]} Kb5 {[%clk 0:17:05]} 51. Bc6+
{[%clk 0:10:25]} Ka5 {[%clk 0:17:18]} 52. Nc4# {[%clk 0:10:40]} 1-0

[Event "65+ World Senior Team Championship"]
[Site "chess24.com"]
[Date "2017.05.01"]
[Round "8"]
[White "Kratschmer, Heinz"]
[Black "Giffard, Nicolas"]
[Result "0-1"]
[Board "3"]
[WhiteElo "2003"]
[WhiteCountry "AUT"]
[WhiteFideId "1606670"]
[WhiteEloChange "-4"]
[BlackElo "2257"]
[BlackTitle "IM"]
[BlackCountry "FRA"]
[BlackFideId "600571"]
[BlackEloChange "4"]

1. d4 {[%clk 1:30:56]} Nf6 {[%clk 1:30:50]} 2. Nf3 {[%clk 1:31:19]} e6 {[%clk
1:31:12]} 3. c4 {[%clk 1:31:35]} d5 {[%clk 1:27:53]} 4. Nc3 {[%clk 1:31:32]} Be7
{[%clk 1:28:16]} 5. Bf4 {[%clk 1:31:52]} O-O {[%clk 1:27:24]} 6. e3 {[%clk
1:32:09]} b6 {[%clk 1:27:06]} 7. cxd5 {[%clk 1:26:13]} Nxd5 {[%clk 1:26:48]} 8.
Nxd5 {[%clk 1:26:21]} Qxd5 {[%clk 1:27:10]} 9. a3 {[%clk 1:25:47]} c5 {[%clk
1:26:09]} 10. dxc5 {[%clk 1:23:36]} Qxd1+ {[%clk 1:25:42]} 11. Rxd1 {[%clk
1:23:55]} Bxc5 {[%clk 1:24:57]} 12. Be2 {[%clk 1:22:02]} Bb7 {[%clk 1:23:38]} 13.
O-O {[%clk 1:22:06]} Bd5 {[%clk 1:18:05]} 14. Rd2 {[%clk 1:06:07]} a5 {[%clk
1:14:53]} 15. Nd4 {[%clk 1:01:46]} a4 {[%clk 1:09:30]} 16. Nb5 {[%clk 0:56:55]}
Ra5 {[%clk 1:09:06]} 17. Be5 {[%clk 0:54:53]} Bc6 {[%clk 1:07:44]} 18. Bxb8
{[%clk 0:47:26]} Rxb8 {[%clk 1:08:07]} 19. Nc3 {[%clk 0:46:59]} f5 {[%clk
1:04:57]} 20. Rfd1 {[%clk 0:43:44]} Be7 {[%clk 1:03:04]} 21. Bf3 {[%clk 0:43:41]}
Be8 {[%clk 1:03:24]} 22. Ne2 {[%clk 0:43:07]} Kf7 {[%clk 1:03:01]} 23. Nd4 {[%clk
0:39:41]} Rc5 {[%clk 1:03:24]} 24. Kf1 {[%clk 0:39:20]} Rbc8 {[%clk 1:03:26]} 25.
Be2 {[%clk 0:36:10]} Bf6 {[%clk 1:03:31]} 26. f4 {[%clk 0:33:32]} g6 {[%clk
1:02:38]} 27. g4 {[%clk 0:32:44]} e5 {[%clk 0:55:26]} 28. fxe5 {[%clk 0:31:26]}
Rxe5 {[%clk 0:55:34]} 29. gxf5 {[%clk 0:31:27]} Rxe3 {[%clk 0:55:39]} 30. fxg6+
{[%clk 0:26:51]} hxg6 {[%clk 0:56:02]} 31. Bb5 {[%clk 0:25:51]} Rc5 {[%clk
0:55:46]} 32. Bxe8+ {[%clk 0:25:00]} Rxe8 {[%clk 0:56:09]} 33. Nf3 {[%clk
0:24:20]} Rb5 {[%clk 0:54:30]} 34. Nd4 {[%clk 0:23:29]} Rd5 {[%clk 0:52:58]} 35.
Ne2 {[%clk 0:17:32]} Rh5 {[%clk 0:51:59]} 36. Nc1 {[%clk 0:09:36]} Re7 {[%clk
0:48:30]} 37. Rf2 {[%clk 0:07:58]} Kg7 {[%clk 0:46:58]} 38. Nd3 {[%clk 0:05:40]}
Rd7 {[%clk 0:45:00]} 39. Ke2 {[%clk 0:04:51]} Rhd5 {[%clk 0:41:05]} 40. Rf3
{[%clk 0:33:59]} Rb5 {[%clk 1:08:45]} 41. Rd2 {[%clk 0:30:25]} Rd4 {[%clk
1:08:32]} 42. Kd1 {[%clk 0:28:36]} Rb3 {[%clk 1:08:16]} 43. Kc2 {[%clk 0:26:10]}
Rh4 {[%clk 1:07:18]} 44. h3 {[%clk 0:25:49]} Bxb2 {[%clk 1:07:29]} 45. Ne1 {[%clk
0:25:23]} Rc4+ {[%clk 1:07:37]} 46. Kb1 {[%clk 0:25:30]} Rc1+ {[%clk 1:08:00]}
0-1

[Event "65+ World Senior Team Championship"]
[Site "chess24.com"]
[Date "2017.05.01"]
[Round "8"]
[White "Letzelter, Jean-Claude"]
[Black "Pitzl, Konstantinos"]
[Result "1-0"]
[Board "4"]
[WhiteElo "2134"]
[WhiteTitle "FM"]
[WhiteCountry "FRA"]
[WhiteFideId "600652"]
[WhiteEloChange "6"]
[BlackElo "2001"]
[BlackCountry "AUT"]
[BlackFideId "1627112"]
[BlackEloChange "-6"]

1. b4 {[%clk 1:30:57]} e5 {[%clk 1:30:46]} 2. Bb2 {[%clk 1:31:25]} Bxb4 {[%clk
1:31:06]} 3. Bxe5 {[%clk 1:31:48]} Nf6 {[%clk 1:31:30]} 4. c3 {[%clk 1:32:11]}
Be7 {[%clk 1:31:28]} 5. Nf3 {[%clk 1:31:39]} O-O {[%clk 1:29:09]} 6. d4 {[%clk
1:30:28]} d5 {[%clk 1:29:10]} 7. Bxf6 {[%clk 1:29:45]} Bxf6 {[%clk 1:29:39]} 8.
e3 {[%clk 1:30:10]} c5 {[%clk 1:28:18]} 9. Bd3 {[%clk 1:29:07]} cxd4 {[%clk
1:28:00]} 10. cxd4 {[%clk 1:28:48]} Nc6 {[%clk 1:27:01]} 11. Nbd2 {[%clk
1:26:32]} g6 {[%clk 1:27:04]} 12. O-O {[%clk 1:25:04]} Nb4 {[%clk 1:14:58]} 13.
Be2 {[%clk 1:25:17]} Nc6 {[%clk 1:13:26]} 14. Nb3 {[%clk 1:24:54]} Qd6 {[%clk
1:02:49]} 15. Qd2 {[%clk 1:24:04]} Bf5 {[%clk 1:00:40]} 16. Rfc1 {[%clk 1:22:09]}
Rac8 {[%clk 0:54:08]} 17. a3 {[%clk 1:17:33]} Qe7 {[%clk 0:43:54]} 18. Ne1 {[%clk
1:15:45]} Rfe8 {[%clk 0:43:46]} 19. Bf3 {[%clk 1:14:20]} Qd6 {[%clk 0:39:40]} 20.
Nd3 {[%clk 1:11:20]} a5 {[%clk 0:34:46]} 21. Rc5 {[%clk 1:06:24]} Be4 {[%clk
0:30:46]} 22. Nxa5 {[%clk 0:52:19]} Nxa5 {[%clk 0:27:51]} 23. Rxa5 {[%clk
0:52:36]} Bxf3 {[%clk 0:27:53]} 24. gxf3 {[%clk 0:52:42]} b6 {[%clk 0:27:44]} 25.
Rb5 {[%clk 0:48:22]} Red8 {[%clk 0:27:03]} 26. Nf4 {[%clk 0:46:07]} Qc6 {[%clk
0:25:33]} 27. Rab1 {[%clk 0:45:45]} Qa8 {[%clk 0:20:40]} 28. Qa2 {[%clk 0:42:01]}
Bh4 {[%clk 0:14:21]} 29. Rxb6 {[%clk 0:39:52]} Rc3 {[%clk 0:13:04]} 30. a4 {[%clk
0:38:08]} Qc8 {[%clk 0:12:58]} 31. R6b2 {[%clk 0:36:21]} Qf5 {[%clk 0:11:31]} 32.
Kg2 {[%clk 0:30:46]} Kg7 {[%clk 0:10:44]} 33. Rg1 {[%clk 0:27:50]} Bg5 {[%clk
0:07:25]} 34. Ne2 {[%clk 0:26:55]} Rc4 {[%clk 0:06:38]} 35. a5 {[%clk 0:24:56]}
Rdc8 {[%clk 0:07:07]} 36. a6 {[%clk 0:18:50]} R4c7 {[%clk 0:03:07]} 37. Qb1
{[%clk 0:14:11]} Qe6 {[%clk 0:00:32]} 38. Rb6 {[%clk 0:13:24]} Rc6 {[%clk
0:00:42]} 39. Rxc6 {[%clk 0:13:12]} Rxc6 {[%clk 0:01:05]} 40. a7 {[%clk 0:43:11]}
Qe8 {[%clk 0:30:50]} 41. Qb7 {[%clk 0:41:58]} Rc8 {[%clk 0:29:39]} 42. Ra1 {[%clk
0:40:52]} Ra8 {[%clk 0:29:56]} 43. Qxd5 {[%clk 0:37:20]} Qd8 {[%clk 0:26:06]} 44.
Qc6 {[%clk 0:35:50]} 1-0

[Event "65+ World Senior Team Championship"]
[Site "chess24.com"]
[Date "2017.05.01"]
[Round "8"]
[White "Petschar, Kurt"]
[Black "Vucenovic, Dragomir"]
[Result "1-0"]
[Board "1"]
[WhiteElo "2282"]
[WhiteTitle "FM"]
[WhiteCountry "AUT"]
[WhiteFideId "1600478"]
[WhiteEloChange "10"]
[BlackElo "2274"]
[BlackTitle "FM"]
[BlackCountry "SUI"]
[BlackFideId "1300393"]
[BlackEloChange "-10"]

1. d4 {[%clk 1:30:31]} d5 {[%clk 1:30:50]} 2. Nf3 {[%clk 1:30:10]} c6 {[%clk
1:30:55]} 3. c4 {[%clk 1:30:33]} Nf6 {[%clk 1:31:14]} 4. Nc3 {[%clk 1:30:57]} a6
{[%clk 1:29:57]} 5. a4 {[%clk 1:23:30]} g6 {[%clk 1:29:10]} 6. Bf4 {[%clk
1:21:01]} Bg7 {[%clk 1:29:16]} 7. e3 {[%clk 1:21:05]} O-O {[%clk 1:29:06]} 8. Qb3
{[%clk 1:21:01]} e6 {[%clk 1:27:44]} 9. Be2 {[%clk 1:19:40]} a5 {[%clk 1:22:38]}
10. O-O {[%clk 1:10:15]} Na6 {[%clk 1:17:13]} 11. c5 {[%clk 1:04:26]} Ne4 {[%clk
1:07:55]} 12. Rfd1 {[%clk 0:57:27]} f5 {[%clk 0:58:40]} 13. Bf1 {[%clk 0:54:05]}
h6 {[%clk 0:50:43]} 14. Na2 {[%clk 0:48:03]} g5 {[%clk 0:46:06]} 15. Be5 {[%clk
0:48:26]} Rf7 {[%clk 0:43:33]} 16. Bxg7 {[%clk 0:41:47]} Rxg7 {[%clk 0:43:25]}
17. Ne5 {[%clk 0:42:03]} g4 {[%clk 0:42:50]} 18. Nc3 {[%clk 0:36:14]} Ng5 {[%clk
0:40:56]} 19. Ne2 {[%clk 0:36:20]} Nb4 {[%clk 0:37:26]} 20. Nf4 {[%clk 0:35:47]}
Qe8 {[%clk 0:34:38]} 21. Ned3 {[%clk 0:34:17]} Na6 {[%clk 0:32:03]} 22. Qc3
{[%clk 0:34:28]} Nb8 {[%clk 0:30:54]} 23. b4 {[%clk 0:34:23]} Ne4 {[%clk
0:30:52]} 24. Qe1 {[%clk 0:34:49]} axb4 {[%clk 0:30:04]} 25. Qxb4 {[%clk
0:35:17]} Nd7 {[%clk 0:27:19]} 26. a5 {[%clk 0:34:51]} e5 {[%clk 0:26:20]} 27.
Nxe5 {[%clk 0:29:16]} Nxe5 {[%clk 0:26:31]} 28. dxe5 {[%clk 0:29:31]} Qxe5 {[%clk
0:26:08]} 29. Bd3 {[%clk 0:28:30]} Qc3 {[%clk 0:16:05]} 30. Qxc3 {[%clk 0:28:20]}
Nxc3 {[%clk 0:16:28]} 31. Rdc1 {[%clk 0:28:43]} Ne4 {[%clk 0:16:44]} 32. Rc2
{[%clk 0:25:17]} Re7 {[%clk 0:13:38]} 33. f3 {[%clk 0:25:09]} Nf6 {[%clk
0:12:28]} 34. Kf2 {[%clk 0:25:29]} Kg7 {[%clk 0:11:45]} 35. Ne2 {[%clk 0:25:22]}
Ne8 {[%clk 0:05:40]} 36. Nd4 {[%clk 0:25:24]} Rf7 {[%clk 0:05:45]} 37. Kg3 {[%clk
0:21:47]} Nc7 {[%clk 0:04:39]} 38. Rb2 {[%clk 0:20:11]} Ra7 {[%clk 0:02:08]} 39.
Kf4 {[%clk 0:19:20]} Ne6+ {[%clk 0:01:20]} 40. Nxe6+ {[%clk 0:47:48]} Bxe6 {[%clk
0:31:46]} 41. Rb6 {[%clk 0:48:02]} Bd7 {[%clk 0:27:03]} 42. a6 {[%clk 0:47:13]}
bxa6 {[%clk 0:27:14]} 43. Raxa6 {[%clk 0:47:30]} Rxa6 {[%clk 0:23:30]} 44. Rxa6
{[%clk 0:47:50]} gxf3 {[%clk 0:23:26]} 45. gxf3 {[%clk 0:47:16]} Kf8 {[%clk
0:22:11]} 46. Ra8+ {[%clk 0:46:08]} Kg7 {[%clk 0:19:43]} 47. Ra7 {[%clk 0:44:34]}
Kf6 {[%clk 0:18:05]} 48. Bf1 {[%clk 0:42:31]} Ke7 {[%clk 0:17:33]} 49. Bh3 {[%clk
0:42:33]} Kd8 {[%clk 0:16:20]} 50. Ra8+ {[%clk 0:42:26]} Ke7 {[%clk 0:08:30]} 51.
Rh8 {[%clk 0:42:41]} Rf6 {[%clk 0:08:34]} 52. Rh7+ {[%clk 0:42:08]} Kd8 {[%clk
0:07:42]} 53. Bf1 {[%clk 0:41:34]} Ke8 {[%clk 0:07:16]} 54. Bh3 {[%clk 0:38:34]}
Kd8 {[%clk 0:07:09]} 55. Ke5 {[%clk 0:38:44]} Re6+ {[%clk 0:06:35]} 56. Kd4
{[%clk 0:39:02]} Rf6 {[%clk 0:04:13]} 57. Ke5 {[%clk 0:32:50]} Re6+ {[%clk
0:04:30]} 58. Kf4 {[%clk 0:33:19]} Rf6 {[%clk 0:04:51]} 59. Bf1 {[%clk 0:33:46]}
Ke8 {[%clk 0:04:52]} 60. h4 {[%clk 0:33:54]} Kd8 {[%clk 0:04:46]} 61. Bg2 {[%clk
0:28:44]} Ke8 {[%clk 0:04:48]} 62. Bh3 {[%clk 0:27:42]} Kd8 {[%clk 0:04:38]} 63.
Ke5 {[%clk 0:28:03]} Re6+ {[%clk 0:04:39]} 64. Kd4 {[%clk 0:28:23]} Rf6 {[%clk
0:03:27]} 65. e4 {[%clk 0:28:48]} dxe4 {[%clk 0:03:18]} 66. fxe4 {[%clk 0:29:05]}
Rf8 {[%clk 0:02:42]} 67. Rxh6 {[%clk 0:29:19]} Kc7 {[%clk 0:01:53]} 68. Rh7
{[%clk 0:29:28]} Kc8 {[%clk 0:01:01]} 69. h5 {[%clk 0:29:01]} Rd8 {[%clk
0:01:30]} 70. h6 {[%clk 0:28:27]} 1-0

[Event "65+ World Senior Team Championship"]
[Site "chess24.com"]
[Date "2017.05.01"]
[Round "8"]
[White "Hohler, Peter"]
[Black "Singer, Hans"]
[Result "1/2-1/2"]
[Board "2"]
[WhiteElo "2076"]
[WhiteTitle "FM"]
[WhiteCountry "SUI"]
[WhiteFideId "1300296"]
[WhiteEloChange "4"]
[BlackElo "2213"]
[BlackTitle "FM"]
[BlackCountry "AUT"]
[BlackFideId "1600800"]
[BlackEloChange "-4"]

1. d4 {[%clk 1:30:49]} d5 {[%clk 1:30:45]} 2. c4 {[%clk 1:31:07]} e6 {[%clk
1:31:09]} 3. Nc3 {[%clk 1:31:29]} Nf6 {[%clk 1:31:34]} 4. Bg5 {[%clk 1:31:36]}
Be7 {[%clk 1:31:55]} 5. e3 {[%clk 1:31:56]} h6 {[%clk 1:32:14]} 6. Bxf6 {[%clk
1:32:04]} Bxf6 {[%clk 1:32:34]} 7. Nf3 {[%clk 1:32:23]} O-O {[%clk 1:32:32]} 8.
Rc1 {[%clk 1:32:35]} c6 {[%clk 1:29:11]} 9. Bd3 {[%clk 1:32:43]} Nd7 {[%clk
1:21:58]} 10. O-O {[%clk 1:32:48]} dxc4 {[%clk 1:16:25]} 11. Bxc4 {[%clk
1:33:16]} e5 {[%clk 1:16:01]} 12. h3 {[%clk 1:32:17]} exd4 {[%clk 1:15:20]} 13.
exd4 {[%clk 1:32:42]} Nb6 {[%clk 1:14:56]} 14. Bb3 {[%clk 1:33:07]} Bf5 {[%clk
1:07:58]} 15. Re1 {[%clk 1:33:14]} Qd6 {[%clk 1:01:19]} 16. Ne5 {[%clk 1:14:23]}
Bxe5 {[%clk 0:42:27]} 17. dxe5 {[%clk 1:00:59]} Qxd1 {[%clk 0:42:18]} 18. Rcxd1
{[%clk 0:59:41]} h5 {[%clk 0:37:23]} 19. Ne4 {[%clk 0:40:34]} Bxe4 {[%clk
0:35:43]} 20. Rxe4 {[%clk 0:41:03]} Rfd8 {[%clk 0:34:39]} 21. Red4 {[%clk
0:35:33]} Rxd4 {[%clk 0:34:46]} 22. Rxd4 {[%clk 0:36:02]} Kf8 {[%clk 0:33:32]}
23. Rf4 {[%clk 0:30:28]} Nd5 {[%clk 0:33:16]} 24. Bxd5 {[%clk 0:28:48]} cxd5
{[%clk 0:33:33]} 25. Rd4 {[%clk 0:29:12]} Rd8 {[%clk 0:28:12]} 26. f4 {[%clk
0:29:36]} g6 {[%clk 0:28:25]} 27. g4 {[%clk 0:29:47]} hxg4 {[%clk 0:28:23]} 28.
hxg4 {[%clk 0:30:16]} Rc8 {[%clk 0:26:57]} 29. Rxd5 {[%clk 0:22:28]} Rc4 {[%clk
0:23:28]} 30. Rd7 {[%clk 0:21:45]} Rxf4 {[%clk 0:23:30]} 31. Rxb7 {[%clk
0:22:06]} Rxg4+ {[%clk 0:23:37]} 32. Kf2 {[%clk 0:21:50]} a5 {[%clk 0:23:26]} 33.
b3 {[%clk 0:18:46]} Rb4 {[%clk 0:23:07]} 34. Ra7 {[%clk 0:18:34]} Rb5 {[%clk
0:19:40]} 35. e6 {[%clk 0:18:27]} fxe6 {[%clk 0:20:04]} 36. Kf3 {[%clk 0:17:02]}
g5 {[%clk 0:19:33]} 37. Kg4 {[%clk 0:15:44]} Rf5 {[%clk 0:18:31]} 38. Kh5 {[%clk
0:14:28]} Ke8 {[%clk 0:17:58]} 39. Kg4 {[%clk 0:08:37]} Kd8 {[%clk 0:16:34]} 40.
Kh5 {[%clk 0:33:05]} Kc8 {[%clk 0:41:25]} 41. Kg4 {[%clk 0:33:10]} Re5 {[%clk
0:41:37]} 42. Rg7 {[%clk 0:28:54]} Re2 {[%clk 0:40:53]} 43. Rxg5 {[%clk 0:15:49]}
Rxa2 {[%clk 0:40:18]} 44. Kf4 {[%clk 0:16:13]} Kc7 {[%clk 0:39:27]} 45. Ke5
{[%clk 0:15:58]} Re2+ {[%clk 0:39:44]} 46. Kd4 {[%clk 0:16:14]} Kb6 {[%clk
0:38:47]} 47. Kd3 {[%clk 0:15:39]} Rb2 {[%clk 0:37:09]} 48. Kc3 {[%clk 0:15:36]}
Rb1 {[%clk 0:37:06]} 49. Kc2 {[%clk 0:15:21]} Re1 {[%clk 0:37:30]} 50. Kd2 {[%clk
0:14:50]} Re4 {[%clk 0:35:40]} 51. Kc3 {[%clk 0:12:46]} e5 {[%clk 0:33:59]} 52.
Rg8 {[%clk 0:12:21]} 1/2-1/2

[Event "65+ World Senior Team Championship"]
[Site "chess24.com"]
[Date "2017.05.01"]
[Round "8"]
[White "Titz, Heimo"]
[Black "Staechelin, Ruedi"]
[Result "1/2-1/2"]
[Board "3"]
[WhiteElo "2154"]
[WhiteTitle "FM"]
[WhiteCountry "AUT"]
[WhiteFideId "1601520"]
[WhiteEloChange "-2"]
[BlackElo "2092"]
[BlackCountry "SUI"]
[BlackFideId "1304070"]
[BlackEloChange "2"]

1. c4 {[%clk 1:30:34]} e5 {[%clk 1:30:38]} 2. Nc3 {[%clk 1:30:24]} Nf6 {[%clk
1:30:57]} 3. Nf3 {[%clk 1:30:30]} Nc6 {[%clk 1:28:46]} 4. e3 {[%clk 1:30:39]} d6
{[%clk 1:26:07]} 5. d4 {[%clk 1:29:13]} Be7 {[%clk 1:22:05]} 6. d5 {[%clk
1:28:32]} Nb8 {[%clk 1:22:00]} 7. e4 {[%clk 1:28:25]} O-O {[%clk 1:19:56]} 8. Be2
{[%clk 1:28:36]} Nbd7 {[%clk 1:17:51]} 9. O-O {[%clk 1:28:37]} h6 {[%clk
1:12:56]} 10. Ne1 {[%clk 1:24:26]} b6 {[%clk 1:08:18]} 11. Nd3 {[%clk 1:24:14]}
Nc5 {[%clk 1:07:56]} 12. Bf3 {[%clk 1:21:07]} Nxd3 {[%clk 1:03:30]} 13. Qxd3
{[%clk 1:21:19]} Nh7 {[%clk 1:02:35]} 14. g3 {[%clk 1:20:40]} Bg5 {[%clk
1:02:44]} 15. Bg2 {[%clk 1:20:38]} Bxc1 {[%clk 1:02:57]} 16. Raxc1 {[%clk
1:20:58]} Qe7 {[%clk 0:53:34]} 17. b4 {[%clk 1:18:53]} a5 {[%clk 0:51:21]} 18. a3
{[%clk 1:19:13]} axb4 {[%clk 0:50:08]} 19. axb4 {[%clk 1:19:35]} Bb7 {[%clk
0:45:20]} 20. Ra1 {[%clk 1:18:45]} Nf6 {[%clk 0:41:54]} 21. Qd2 {[%clk 1:16:58]}
Rfe8 {[%clk 0:40:43]} 22. Qb2 {[%clk 1:17:08]} Ba6 {[%clk 0:38:01]} 23. Qb3
{[%clk 1:16:23]} Reb8 {[%clk 0:38:00]} 24. Ra2 {[%clk 1:14:25]} Qd8 {[%clk
0:35:05]} 25. Rfa1 {[%clk 1:14:31]} Bb7 {[%clk 0:35:21]} 26. Ra7 {[%clk 1:09:49]}
Qc8 {[%clk 0:29:16]} 27. Rxa8 {[%clk 1:07:34]} Rxa8 {[%clk 0:29:31]} 28. Rxa8
{[%clk 1:07:46]} Qxa8 {[%clk 0:29:32]} 29. Qa4 {[%clk 1:08:06]} Qxa4 {[%clk
0:27:41]} 30. Nxa4 {[%clk 1:08:19]} Ba6 {[%clk 0:27:30]} 31. c5 {[%clk 1:07:55]}
bxc5 {[%clk 0:26:48]} 32. bxc5 {[%clk 1:08:07]} Bd3 {[%clk 0:20:27]} 33. f3
{[%clk 1:07:04]} Bc2 {[%clk 0:19:49]} 34. Nc3 {[%clk 1:05:00]} dxc5 {[%clk
0:17:48]} 35. Nb5 {[%clk 1:04:31]} Ne8 {[%clk 0:18:01]} 36. Bh3 {[%clk 1:04:04]}
Bd3 {[%clk 0:17:29]} 37. Nc3 {[%clk 1:03:28]} Nd6 {[%clk 0:16:26]} 38. Kf2 {[%clk
1:03:45]} Bb5 {[%clk 0:13:57]} 39. Bf1 {[%clk 1:02:03]} Bd7 {[%clk 0:14:05]} 40.
Ke3 {[%clk 1:27:57]} f6 {[%clk 0:43:06]} 41. Ba6 {[%clk 1:23:28]} Kf7 {[%clk
0:42:35]} 42. Kd3 {[%clk 1:23:39]} Ke7 {[%clk 0:42:14]} 43. Nd1 {[%clk 1:23:03]}
g5 {[%clk 0:39:26]} 44. g4 {[%clk 1:20:21]} Be8 {[%clk 0:39:08]} 45. Nf2 {[%clk
1:19:50]} h5 {[%clk 0:34:37]} 46. h3 {[%clk 1:19:58]} h4 {[%clk 0:34:01]} 47. Kc3
{[%clk 1:19:57]} Ba4 {[%clk 0:23:35]} 48. Be2 {[%clk 1:18:12]} Nb5+ {[%clk
0:17:08]} 49. Bxb5 {[%clk 1:06:02]} Bxb5 {[%clk 0:23:40]} 50. Kd2 {[%clk
1:06:15]} c6 {[%clk 0:23:17]} 51. dxc6 {[%clk 1:06:39]} Kd6 {[%clk 0:23:39]} 52.
Ke1 {[%clk 1:05:25]} Kxc6 {[%clk 0:23:52]} 53. Nd1 {[%clk 1:05:45]} Bc4 {[%clk
0:21:54]} 54. Ne3 {[%clk 1:06:02]} Be6 {[%clk 0:20:49]} 55. Kd2 {[%clk 1:06:09]}
Kd6 {[%clk 0:16:56]} 56. Kc3 {[%clk 1:06:08]} Bc8 {[%clk 0:11:17]} 57. Kd2 {[%clk
1:00:28]} Ke6 {[%clk 0:08:50]} 58. Nd5 {[%clk 0:59:34]} Kf7 {[%clk 0:11:32]} 59.
Nc3 {[%clk 0:59:27]} Ba6 {[%clk 0:11:47]} 60. Na4 {[%clk 0:58:30]} c4 {[%clk
0:07:14]} 61. Kc3 {[%clk 0:58:29]} Ke7 {[%clk 0:07:11]} 62. Nc5 {[%clk 0:56:40]}
Bb5 {[%clk 0:05:26]} 63. Kb4 {[%clk 0:55:24]} Be8 {[%clk 0:05:44]} 64. Kxc4
{[%clk 0:55:29]} Bf7+ {[%clk 0:05:33]} 65. Kc3 {[%clk 0:55:08]} Kd6 {[%clk
0:05:42]} 66. Nd3 {[%clk 0:54:40]} Be8 {[%clk 0:05:35]} 67. Kd2 {[%clk 0:51:02]}
Bb5 {[%clk 0:05:51]} 68. Nb4 {[%clk 0:49:31]} Bc4 {[%clk 0:05:46]} 69. Nc2 {[%clk
0:48:10]} Kc5 {[%clk 0:05:17]} 70. Ne3 {[%clk 0:48:04]} Be6 {[%clk 0:04:17]} 71.
Kc3 {[%clk 0:47:55]} Kb5 {[%clk 0:03:42]} 72. Kd3 {[%clk 0:47:15]} Kc5 {[%clk
0:03:41]} 73. Kc3 {[%clk 0:46:44]} Kb5 {[%clk 0:03:56]} 74. Kd3 {[%clk 0:46:52]}
Kc5 {[%clk 0:04:01]} 1/2-1/2

[Event "65+ World Senior Team Championship"]
[Site "chess24.com"]
[Date "2017.05.01"]
[Round "8"]
[White "Illi, Hans-Joerg"]
[Black "Danner, Lambert"]
[Result "1/2-1/2"]
[Board "4"]
[WhiteElo "2059"]
[WhiteCountry "SUI"]
[WhiteFideId "1300431"]
[BlackElo "2043"]
[BlackCountry "AUT"]
[BlackFideId "1305840"]

1. e4 {[%clk 1:30:29]} Nf6 {[%clk 1:30:40]} 2. Nc3 {[%clk 1:30:42]} e5 {[%clk
1:30:56]} 3. Nf3 {[%clk 1:28:36]} d6 {[%clk 1:30:41]} 4. Bc4 {[%clk 1:28:44]} Be7
{[%clk 1:30:53]} 5. d3 {[%clk 1:26:37]} c6 {[%clk 1:29:19]} 6. h3 {[%clk
1:26:29]} b5 {[%clk 1:27:25]} 7. Bb3 {[%clk 1:26:47]} Nbd7 {[%clk 1:26:52]} 8. a3
{[%clk 1:22:58]} O-O {[%clk 1:25:35]} 9. O-O {[%clk 1:22:57]} Qc7 {[%clk
1:24:20]} 10. Bg5 {[%clk 1:21:37]} Bb7 {[%clk 1:21:45]} 11. Ne2 {[%clk 1:18:35]}
Nc5 {[%clk 1:20:47]} 12. Ba2 {[%clk 1:15:18]} Rad8 {[%clk 1:15:07]} 13. Ng3
{[%clk 1:13:34]} d5 {[%clk 1:14:02]} 14. Qe2 {[%clk 1:12:13]} dxe4 {[%clk
1:08:54]} 15. dxe4 {[%clk 1:06:37]} Bc8 {[%clk 1:05:56]} 1/2-1/2